000 01022cam a2200229 4500
001 J125578
008 040325n2003 000 0 eng u
035 _a(Sirsi) u125578
041 _aeng
050 _a333.0062
_c18
110 _aRoyal Institution of Chartered Surveyors
_bGovernance and Corporate Management
_94171
245 _aCouncil of RICS England and Wales
_bresourcing regions for real results
260 _a[S.l.]
_bRICS
_c2003
490 _aRICS Brooke Review
_vAppendix C EWC/P (03) 29
520 _aComments received in response to the resourcing regions for real results consultation. Forms part of the supporting documentation for RICS Brooke Review Committee Meeting, 30 January 2004. View at www.rics.org.
650 _aRICS MEMBERSHIP
650 _aRICS BROOKE REVIEW
690 _aRICS NEWS
710 _aRoyal Institution of Chartered Surveyors
_94900
856 _uhttps://www.rics.org/downloads/static/ewcp_appendix_c.pdf
_zView the comments (pdf 60kb) on the RICS website...
942 _n0
999 _c103437
_d103437